000 00785nam a22002537a 4500
001 374
003 UA-OsUOA
005 20221014100721.0
007 ta
008 20050531b un ||||| |||| 00| 0 ukr d
020 _a9667790061
040 _aUA-OsUOA
_bukr
_cUA-OsUOA
_dUA-OsUOA
041 _aukr
080 _a911.375(477.83)
090 _a911.375(477.83)
_bЛ87
245 _aЛьвів. Genius Loci
_cгол. ред. Тарас Возняк
_bнезалежний культурологічний часопис
246 _aLeopolis. Lwow. Lemberg
260 _aЛьвів
_bї
_c2004
300 _a412 с.
650 7 _a911 Теоретичнії питання з географії
_2UDC
700 1 _aВозняк Т.
_eгол. ред.
942 _cBK
_2udc
955 _a4
999 _c286538
_d286538